Recopilación de Decretos Leyes. Dictados por la Junta de Gobierno constituida el 11 de Septiembre de 1973, que asumio el mando supremo de la nación. Con índices numérico, temático, onomástico y de notas

Guardat en:
Dades bibliogràfiques
Autor corporatiu: Contraloría General de la República (Autor)
Format: Llibre
Idioma:espanyol
Publicat: Santiago Contraloría General de la República 1974
Matèries:
Etiquetes: Afegir etiqueta
Sense etiquetes, Sigues el primer a etiquetar aquest registre!

MARC

LEADER 00000nam a2200000 a 4500
001 UCR0675
003 CL-VaPUC
008 971205e19740000CL |||||||||||||||||spa|d
082 0 4 |a 348.022  |b CON  |2 21 
110 2 |a Contraloría General de la República  |e author  |9 396730 
245 1 0 |a Recopilación de Decretos Leyes. Dictados por la Junta de Gobierno constituida el 11 de Septiembre de 1973, que asumio el mando supremo de la nación. Con índices numérico, temático, onomástico y de notas 
300 |a t 
942 |c BK 
945 |d 19971205 00:00:00  |a lriquelm 
260 |a Santiago  |b Contraloría General de la República  |c 1974 
500 |a Contiene: desde la decreto ley 301, de 28 de Enero de 1974, al decreto ley 500, de 3 de Junio de 1974 
500 |a Decretos Leyes vol.2 
500 |a Donación profesor Fernando Recio Olguín 
650 7 |a LEGISLACION  |2 CL-VaPUC  |9 396731 
650 0 |a Leyes  |9 256670 
650 7 |a FUENTES  |2 CL-VaPUC  |9 255666 
650 7 |a DERECHO CHILENO  |2 CL-VaPUC  |9 396732 
650 7 |a DECRETO LEY  |2 CL-VaPUC  |9 382553 
583 |a last modification  |c 20140410 09:53:27  |k Rodrigo Vera 
999 |c 264174  |d 264172 
952 |0 0  |1 0  |4 0  |6 348_022000000000000_CON_1974  |7 0  |8 F  |9 294062  |a BIBDER  |b BIBDER  |d 2019-11-19  |h t.62  |i 1911732  |o 348.022 CON 1974  |p 1911732  |r 2023-01-25  |w 2019-11-19  |y BK_F  |k DER 
952 |0 0  |1 0  |4 0  |6 348_022000000000000_CON_1974  |7 0  |8 X  |9 294064  |a BIBHIS  |b BIBHIS  |d 2019-11-19  |h t.62  |i 2128713  |o 348.022 CON 1974  |p 2128713  |r 2024-01-30  |w 2019-11-19  |y BK_X  |k HIS